Personnalités dans les noms des rues de France (version extrême) - Statistiques

Statistiques générales
  • Ce quiz a été pris 1 538 fois
  • Le résultat moyen est 26 sur 80
Statistiques - réponses
Nombre de plaques* Personnalité associée Activité Dates % Correct
3 903 Charles de Gaulle Politicien / Militaire 1890 - 1970
98%
2 555 Victor Hugo Poète 1802 - 1885
93%
770 Pierre et Marie Curie Scientifiques 1859 - 1906 1867 - 1934
86%
999 Marie Curie Scientifique 1867 - 1934
84%
3 354 Louis Pasteur Scientifique 1822 - 1895
81%
562 Pierre Curie Scientifique 1859 - 1906
80%
627 Joliot Curie Scientifique 1900 - 1958
78%
862 Antoine de Saint-Exupéry Ecrivain / Aviateur 1900 - 1944
72%
740 Molière Dramaturge 1622 - 1673
71%
1 157 Notre-Dame (Marie de Nazareth) Sainte 1er siècle av. J-C - 1er siècle
71%
1 148 Emile Zola Ecrivain 1840 - 1902
68%
2 215 Jean Moulin Haut fonctionnaire 1899 - 1943
67%
1 069 Voltaire Ecrivain 1694 - 1778
67%
926 Jeanne d'Arc Militaire / Sainte 1412 - 1431
66%
2 370 Jean Jaurès Politicien 1859 - 1914
65%
1 234 Georges Clemenceau Politicien 1841 - 1929
59%
1 255 Maréchal Foch Militaire 1851 - 1929
59%
1 472 Général Leclerc Militaire 1902 - 1947
57%
1 318 Jules Ferry Politicien 1832 - 1893
49%
919 Georges Brassens Chanteur 1921 - 1981
47%
1 501 Léon Gambetta Politicien 1838 - 1882
47%
565 Jean Monnet Politicien 1888 - 1979
46%
708 Mozart Compositeur 1756 - 1791
45%
653 Jean-Jacques Rousseau Ecrivain 1712 - 1778
43%
1 112 Alphonse de Lamartine Poète / Politicien 1790 - 1869
41%
826 Claude Debussy Compositeur 1862 - 1918
41%
456 Claude Monet Peintre 1840 - 1926
41%
922 Carnot Scientifique / Politicien 1753 - 1823
39%
880 Hector Berlioz Compositeur 1803 - 1869
38%
504 Honoré de Balzac Ecrivain 1799 - 1850
35%
1 059 Jean Mermoz Aviateur 1901 - 1936
35%
541 Jean Racine Dramaturge 1639 - 1699
35%
515 Léon Blum Politicien 1872 - 1950
35%
519 Pierre Corneille Dramaturge 1606 - 1684
33%
851 Anatole France Ecrivain 1844 - 1924
31%
474 Denis Diderot Ecrivain 1713 - 1784
30%
672 Georges Sand Ecrivaine 1804 - 1876
30%
667 Paul Verlaine Ecrivain 1844 - 1896
29%
466 Adolphe Thiers Politicien 1797 - 1877
28%
694 Albert Camus Ecrivain 1913 - 1960
28%
683 Antoine Lavoisier Scientifique 1743 - 1794
28%
534 Pierre Mendès France Politicien 1907 - 1982
28%
1 029 Aristide Briand Politicien 1862 - 1932
26%
641 Jacques Brel Chanteur 1929 - 1978
25%
547 Maréchal Joffre Militaire 1852 - 1931
24%
515 Louise Michel Ecrivaine / Militante 1830 - 1905
23%
720 Maurice Ravel Compositeur 1875 - 1937
23%
655 Jacques Prévert Poète 1900 - 1977
20%
449 François Rabelais Ecrivain 1483/1494 - 1553
19%
609 Blaise Pascal Scientifique 1623 - 1662
18%
504 Auguste Renoir Peintre 1841 - 1919
17%
614 Jules Verne Ecrivain 1828 - 1905
17%
476 Maréchal de Lattre de Tassigny Militaire 1889 - 1952
16%
554 Pierre de Ronsard Poète 1524 - 1585
15%
676 Paul Cézanne Peintre 1839 - 1906
14%
429 Louis Blériot Aviateur 1872 - 1936
13%
459 François-René de Chateaubriand Ecrivain / Politicien 1768 - 1848
12%
531 Georges Bizet Compositeur 1838 - 1875
12%
522 Jules Michelet Historien 1798 - 1874
10%
497 Pierre de Coubertin Sport 1863 - 1937
10%
629 Marcel Pagnol Ecrivain 1895 - 1974
9%
631 Alphonse Daudet Ecrivain 1840 - 1897
7%
745 Georges Guynemer Aviateur 1894 - 1917
7%
660 André-Marie Ampère Scientifique 1775 - 1836
6%
550 Gabriel Péri Journaliste 1902 - 1941
6%
440 Hélène Boucher Aviatrice 1908 - 1934
6%
502 Pierre Brossolette Journaliste 1903 - 1944
5%
640 Roger Salengro Politicien 1890 - 1936
5%
464 Albert Schweitzer Médecin 1875 - 1965
4%
483 Antoine Parmentier Médecin 1737 - 1813
4%
496 Denis Papin Scientifique 1647 - 1713
4%
696 Frédéric Mistral Ecrivain 1830 - 1914
4%
545 Henri Barbusse Ecrivain 1873 - 1935
4%
506 Marcellin Berthelot Scientifique 1827 - 1907
4%
577 Salvador Allende Politicien 1908 - 1973
4%
527 Charles Gounod Compositeur 1818 - 1893
3%
432 Marceau Militaire 1769 - 1796
3%
591 René Cassin Politicien 1887 - 1976
3%
491 Edouard Branly Scientifique 1844 - 1940
2%
555 Henri Dunant Philanthrope 1828 - 1910
2%
Aucun quiz correspondant
Distribution des résultats
% des personnes avec chaque résultat
Percentile par nombre de réponses
Votre historique - résultats
Vous n’avez pas pris ce quiz